000 00281nam a2200121 a 4500
008 120423s2012|||| d
100 1 _aKalinová, Agneša
245 1 0 _aMojich 7 životov
260 _bAspekt
_aBratislava
_c2012
020 _cDar
041 _aslo
044 _axo
_cSK
999 _c20183
_d20183